Prekážky samozamestnávania v Slovenskej republike

Podpora samozamestnávania ako dôležitá súčasť európskej stratégie zamestnanosti. Samozamestnávatelia ako mikropodniky. Pozitívne a negatívne motívy samozamestnávania. Výsledky výskumu projektu GEM (2016) - zamestnanecký status pred začatím podnikania. Bariéry samozamestnávania. Model zaujímavý pre ž...

Descrizione completa

Salvato in:
Dettagli Bibliografici
Autore principale: Velichová, Ľudmila
Natura: Capitolo di libro
Lingua:slovacco
Soggetti:
Tags: Aggiungi Tag
Nessun Tag, puoi essere il primo ad aggiungerne!!

MARC

LEADER 00000naa$a2200000$$$4500
001 0248079
005 20240502100727.1
041 0 |a slo 
044 |a SK 
245 1 0 |a Prekážky samozamestnávania v Slovenskej republike  |c Ľudmila Velichová 
520 |a Podpora samozamestnávania ako dôležitá súčasť európskej stratégie zamestnanosti. Samozamestnávatelia ako mikropodniky. Pozitívne a negatívne motívy samozamestnávania. Výsledky výskumu projektu GEM (2016) - zamestnanecký status pred začatím podnikania. Bariéry samozamestnávania. Model zaujímavý pre ženy s deťmi, kde samozamestnávanie vytvára dobrý predpoklad pre zladenie pracovného a rodinného života. 
610 2 0 |a samozamestnanosť 
610 2 0 |a práca 
610 2 0 |a zamestnanie 
610 2 0 |a podnikanie 
610 2 0 |a podnikatelia 
610 2 0 |a ženy 
610 2 0 |a muži 
610 2 0 |a osoby samostatne zárobkovo činné 
610 2 0 |a dane 
610 2 0 |a odvody 
610 2 0 |a regulácia 
100 1 |a Velichová, Ľudmila